MUMBAI GRAM PANCHAYAT ACT 1958 AND RULES (Record no. 10886)

MARC details
000 -LEADER
fixed length control field 00367nam a2200145Ia 4500
008 - FIXED-LENGTH DATA ELEMENTS--GENERAL INFORMATION
fixed length control field 240624s9999 xx 000 0 und d
041 ## - LANGUAGE CODE
Language code of text/sound track or separate title eng
082 ## - DEWEY DECIMAL CLASSIFICATION NUMBER
Classification number 340 SHE
100 ## - MAIN ENTRY--PERSONAL NAME
Personal name SHELKAR RAM
245 ## - TITLE STATEMENT
Title MUMBAI GRAM PANCHAYAT ACT 1958 AND RULES
250 ## - EDITION STATEMENT
Edition statement (4th ed.)
260 ## - PUBLICATION, DISTRIBUTION, ETC.
Date of publication, distribution, etc. 2006
Place of publication, distribution, etc. Pune
Name of publisher, distributor, etc. Ashok Grower & Sons
300 ## - PHYSICAL DESCRIPTION
Extent 800p. : cm. ; 24
365 ## - TRADE PRICE
Currency code RS
Price amount 15
Holdings
Withdrawn status Lost status Damaged status Not for loan Home library Current library Shelving location Date acquired Source of acquisition Cost, normal purchase price Total Holds Full call number Barcode Date last seen Copy number Price effective from Koha item type
        IMTN IMTN Rack 14-B 10/08/2008 SLH 450.00 32384 340 SHE 10886 06/24/2024 1 06/24/2024 Books
Designed & Maintained by: LRC IMT Nagpur Contact: lrc@imtnag.ac.in© 2024. All Rights Reserved.